000 00203nam a22000857a 4500
008 170527b xxu||||| |||| 00| 0 eng d
100 _93163
_aAggarwal
245 _aMaths- Lab-X
260 _aNew delhi
_bAPC
_c2008
999 _c6466
_d6466